000 00542nam a22001937a 4500
003 OSt
005 20240530110427.0
008 150326s2013 ua ao f 000 0 eng d
040 _aEG-CaGPL
_cEG-CaGPL
082 0 4 _221
_a616.04203\
_bO G
100 0 _aOsama Al Agamawy
245 1 0 _aGlossary of Genatic Disorders \
_cOsama Al Agamawy
250 _a1st ed.
260 _aCairo :
_bAl Ahram ,
_c2013.
300 _a75 p. :
_bcol. ill. ;
_c24 cm.
650 0 _aGenatic Disorders
_xGlossaries
942 _2ddc
_cBK
999 _c60776
_d60776